000 01696nam0a2200313 4500
001 RU\NLR\BIBL_A\012039454
005 20190731170113.0
010 _a978-5-94578-169-6
_9500
021 _aRU
_bКН-П-19-037159
_9КН-П-19-2731
035 _a(NLR Aleph) 012039454
035 _a(RuMoRGB)009985979
090 _a11593283
_c11593283
100 _a20190619d2018 k y0rusy50 ca
101 0 _arus
102 _aRU
105 _aa z 000zy
200 1 _aОсновы методики и практики судейства соревнований по футболу
_eмонография
_fА. Д. Будогосский, Г. Н. Грец
_gФедеральное государственное бюджетное образовательное учреждение высшего образования "Смоленская государственная академия физической культуры, спорта и туризма", Общественная ассоциация общественных объединений "Центр - "Футбольный арбитр"
210 _aСмоленск
_cСГАФКСТ
_d2018
215 _a264, [1] с.
_cил.
_d22
320 _aБиблиогр. в конце кн. (15 назв.)
606 1 _aФутбол
_xСоревнования
_xСудейство
_91870091
_3RU\NLR\AUTH\661139841
686 1 _aЧ515.784(0)9-4
700 1 _aБудогосский
_bА. Д.
_gАндрей Дмитриевич
701 1 _aГрец
_bГ. Н.
_gГеоргий Николаевич
942 _cBOOK
980 _aNBR
980 _aNB